| 000 | 00952nam a22002297a 4500 | ||
|---|---|---|---|
| 001 | BD-DhSAU 4799 | ||
| 003 | BD-DhSAU | ||
| 005 | 20150226110945.0 | ||
| 008 | 150226b1981 bg |||| |||| 000 0 ben d | ||
| 040 | _aBD-DhSAU | ||
| 082 |
_222 _a--- _b---- |
||
| 100 | _a গাযযালী (র:), হুজ্জাতুল ইসলাম হযরত ইমাম | ||
| 245 |
_aকিমিয়ায়ে সা'আদাত বা সৌভাগ্য পরশমণি / _cহুজ্জাতুল ইসলাম হযরত ইমাম গাযযালী (র:) |
||
| 260 |
_aঢাকা : _bএমদাদিয়া লাইব্রেরী , _c১৯৮১. |
||
| 300 |
_a৪০২ পৃ. : _c২৫ সে. মি. |
||
| 440 |
_aবিনাশন খণ্ড _vতৃতীয় খণ্ড |
||
| 590 | _atamanna | ||
| 650 | _areligion | ||
| 650 | _aইসলাম | ||
| 650 | _aধর্ম | ||
| 650 | _aislam | ||
| 942 |
_2ddc _cBOOK |
||
| 999 |
_c4799 _d4799 |
||